| 000 | 00623nam a2200217Ii 4500 | ||
|---|---|---|---|
| 003 | JO-AjNU | ||
| 008 | 230606s9999||||xx |||||||||||||| ||und|| | ||
| 020 | _a0-13-504583-5/978-0-13-504583-1 | ||
| 040 |
_aJO-AjNU _beng _erda _cJO-AjNU |
||
| 041 | _aeng | ||
| 050 | 1 | 4 | _aTK5105.5.C5897 2009 |
| 100 | 3 |
_aComer, Douglas, _eauthor _9823 |
|
| 245 | 0 | 0 | _aComputer Networks and internets |
| 250 | _a5 ed | ||
| 264 | 3 | 1 | _aNew Jersy:pearson,2011 |
| 300 | _a600p | ||
| 336 |
_atext _btxt _2rdacontent |
||
| 337 |
_aunmediated _bn _2rdamedia |
||
| 338 |
_avolume _bnc _2rdacarrier |
||
| 650 | 4 |
_aComputer Networks and internets _9824 |
|
| 999 |
_aE433 _c433 _d433 |
||